[Event "Zug Young Masters"]
[Site "Zug"]
[Date "2001.10.12"]
[Round "4"]
[White "De Vreugt, Dennis"]
[Black "Medvegy, Zoltan"]
[Result "1-0"]
[WhiteElo "2429"]
[BlackElo "2430"]
[Annotator "Donev,I"]
[PlyCount "159"]
[EventDate "2001.10.09"]
[EventType "tourn"]
[EventRounds "11"]
[EventCountry "SUI"]
[EventCategory "9"]
[SourceTitle "CBM 086"]
[Source "ChessBase"]
[SourceDate "2002.02.05"]
[SourceVersion "1"]
[SourceVersionDate "2002.02.05"]
[SourceQuality "1"]

1. e4 {Hecht} c5 2. Nc3 Nc6 3. g3 g6 4. d3 d6 5. Be3 Bg7 6. Qd2 e6 7. Bg2 Nge7
8. Bh6 O-O 9. Bxg7 Kxg7 10. Nge2 ({Eine unveröffentliche Partie aus meiner
Praxis, die die gleiche Mittelspielstellung nach dem 14. Zug erreicht, aber
mit einer Verbesserung - aktiver Springer auf f3 statt auf e2!} 10. f4 $5 Rb8
11. Nf3 e5 12. O-O f6 13. Rf2 Be6 14. Raf1 Qd7 15. h4 $5 $40 Nd4 16. h5 gxh5 (
16... Nxf3+ 17. Bxf3 {/\Rh2,fe5}) 17. Nh4 Bg4 18. fxe5 fxe5 (18... dxe5 19.
Rxf6 Rxf6 20. Qg5+ Rg6 21. Qxe5+ Kh6 22. Qxb8 $18) 19. Qg5+ Ng6 20. Nxg6 hxg6
21. Rf6 Rxf6 22. Rxf6 Qe8 23. Rxd6 Rc8 24. Nd5 Nc6 25. Ne3 ({Hier gewinnt
sofort der wunderbare Zug:} 25. Bf3 $3 {[#]} Bxf3 26. Nf6 Qf7 27. Rd7 $18)
25... Qf7 26. Nf5+ Bxf5 27. exf5 Qxf5 28. Qxf5 gxf5 29. Rd7+ Kf6 30. Rxb7 c4
31. dxc4 e4 32. Kf2 Rd8 33. Ke1 h4 34. gxh4 f4 35. Rc7 Nd4 36. Bxe4 Re8 37. Kd2
Rxe4 38. Kd3 f3 39. Kxe4 f2 40. Kxd4 f1=Q 41. Rc6+ Kf5 42. Ra6 Qf2+ 43. Kc3
Qxh4 44. Ra5+ Ke4 45. Rd5 {1/2-1/2 Donev,I 2390 - Kelecevic,N 2450 /
Liechtenstein op 1995 (45)}) 10... e5 $1 {Eine sehr wichtige strategische Idee,
die sehr oft im Geschlossenen Sizilianisch vorkommt. Nach dem Abtausch des
schwarzfarbigen Bg7 will der Nachziehende seine Bauern auf schwarz stellen. 
(e6-e5 und f7-f6). Auf diese Weise macht er seinen Damenläufer c8 besser und
gleichzeitig schränkt er den weißen Bg2 ein.} 11. f4 f6 12. O-O Be6 13. Rf2 Qd7
14. Raf1 {Diese Stellung habe ich in meine Praxis gegen IM Kelecevic im
Lichtenstein (open) 1995 gehabt. Der einzige Unterschied war, dass mein
Springer besser auf f3 entwickelt war. In der oben genannten Partie habe ich
der Plan h4-h5 ausprobiert, nach dem ich einen starken Königsangriff bekommen
habe.} Nd4 15. Nd1 $5 $146 {Mir gefällt diese Idee (Nd1 nebst Ne3) besser als
das bis jetzt bekannte Nc1.} ({RR} 15. Nc1 Rad8 16. Nd1 Bh3 17. Bxh3 Qxh3 18.
c3 Ne6 19. Ne2 d5 20. fxe5 fxe5 21. Rxf8 Rxf8 22. Rxf8 Kxf8 23. Qe3 d4 24. Qf3+
Kg7 25. Nf2 Ng5 26. Nxh3 Nxf3+ 27. Kh1 {1/2-1/2 Ledger,D-Muir,A/England 2001/
EXT 2002 (27)}) 15... Nxe2+ 16. Qxe2 Bg4 17. Qd2 Bxd1 18. Rxd1 Nc6 {
Offensichtlich versucht der Nachziehende einen guten Springer gegen einen
schlechten Läufer (der noch vom eigenen Bauer e4 eingeschränkt ist) zu
bekommen. Wie die Partieverlauf zeigt, wird der Anziehende bald durch c3 nebst
d4 die Stellung öffnen; danach wird der Läufer gegenüber dem Springer leichten
Vorteil bekommen.} 19. Rdf1 b5 20. h4 exf4 21. Rxf4 Qe6 22. c3 Qe5 (22... Qxa2
23. h5 $1 $44 {[%csl Yf6][%cal Yf4f6] /\h5-h6}) 23. Rd1 Rac8 24. d4 $1 $14 Qe7
25. Rdf1 a6 26. Kh2 cxd4 27. cxd4 Qa7 28. Rd1 Rc7 29. Rf3 Rff7 30. a3 Nd8 $6 (
30... h5 $142) 31. e5 $1 f5 (31... fxe5 32. dxe5 $16 {[%cal Yd2d8]}) 32. exd6
Rcd7 33. d5 Qc5 34. Re1 ({Für Weiß führte folgende Variante zu einem kleinen
aber dauerhaften Vorteil:} 34. Qc3+ Qxc3 35. Rxc3 Rxd6 $14) 34... Qxd6 35. Qc3+
Qf6 {Vermutlich haben beide Seiten die nächsten Züge in Zeitnot gespielt, weil
offensichtlich die folgenden 2 Fehler normalerweise nicht passieren können.}
36. Re6 $2 (36. Qxf6+ $142 Kxf6 37. Rc3) 36... Qxc3 $2 (36... Nxe6 37. dxe6 Rc7
38. Qxf6+ Rxf6 39. Re3 Rf8 $17 {/\Kf6}) 37. Rxc3 Rf6 38. Re2 h6 39. b4 g5 {
Selbstverständlich sucht das Nachziehende Gegenspiel am Königsflügel, wo er
die Bauermehrheit hat.} 40. Rc8 f4 41. hxg5 hxg5 42. Re8 Rf8 $2 {Hier konnte
Schwarz die Stellung fast ausgleichen:} (42... Nf7 $142 {[%cal Yf7d6,Yf6d6] /
\Nd6 oder Rfd6} 43. Rg8+ Kh6 44. Be4 Re7 45. Rc6 fxg3+ 46. Kxg3 (46. Kg2 Rxc6
47. dxc6 Rxe4 48. c7 Nd6 49. Rd8 Rc4 50. Rxd6+ Kh5 51. Rd7 Rc3 $11) 46... Rxc6
47. dxc6 Rxe4 48. c7 Nd6 49. Rd8 Rc4 50. Rxd6+ Kh5 $11) 43. Rxf8 Kxf8 44. Kh3
$1 $16 fxg3 45. Kg4 Ke7 46. Kxg5 {Jetzt ist der weiße Vorteil noch
offensichtlicher: Der starke weiße Freibauer d5 + aktive weiße König und Turm
im Vergleich mit dem passiven schwarzen Kollegen ist ein Hinweis für das
baldige Ende der Partie.} Nf7+ 47. Kf4 {Der schwache schwarze g3-Bauer wird
bald verloren gehen.} a5 48. Rc3 Ra7 49. Rxg3 axb4 50. axb4 Ra4 51. Rb3 Kd6 52.
Bf1 Kxd5 53. Bxb5 Ra7 54. Rd3+ Ke6 55. Bc4+ Ke7 56. Bxf7 Kxf7 57. Ke5 Ra4 {
'?' Hecht. Hecht: 'Das verliert'} ({Remis hält} 57... Ke8 $1 {Hecht} 58. b5 (
58. Rd5 {Hecht} Ra1 (58... Re7+ $2 {Hecht} 59. Kd4 Rd7 60. Rxd7 Kxd7 61. Kd5
$18) 59. b5 Ke7 60. Kd4 Rc1 $1 (60... Rd1+ $2 {Hecht} 61. Kc5 Rxd5+ 62. Kxd5
Kd7 63. b6 Kd8 64. Kd6 Kc8 65. Kc6 $18) 61. b6 Ke6 62. Rb5 Rd1+ 63. Kc5 Rc1+
64. Kb4 Rb1+ 65. Kc4 Rc1+ 66. Kd3 Rc8 $11) 58... Re7+ 59. Kf5 Rd7 $11) ({oder} 
57... Rb7 $1 {Hecht} 58. Rd4 Ke7 59. Ke4 Ke6 60. Kd3 Rd7 $11 (60... Ke5 {Hecht}
61. Kc3 Rb8 62. Rc4 Kd5 $11 {z.B.} 63. Rc5+ Kd6 64. Kb3 Ra8 65. Rc1 Rb8 $11 (
65... Ra7 {Hecht} 66. b5 Rc7 $11))) 58. b5 Rb4 59. Rd7+ Ke8 60. Rb7 Kd8 61. Kd6
Kc8 62. Kc6 Rb1 (62... Rh4 {Hecht} 63. Kb6 $1 Rh1 (63... Rh6+ {Hecht} 64. Ka7
Rh1 65. Rb8+ Kc7 66. b6+ Kd7 67. Ra8 $18)) 63. Rh7 Rc1+ 64. Kb6 Rb1 65. Rh8+
Kd7 66. Rb8 {'!' Hecht. Hecht: 'Es folgt der bekannte Brückenbau, nachdem der
Bauer auf b7 angelangt ist.'} Rb2 67. Ka7 Ra2+ 68. Kb7 Rb2 69. b6 Rb1 70. Rh8
Rb2 71. Rh6 Rb1 72. Kb8 Rb2 73. b7 Ra2 74. Rh7+ Kd8 75. Rh4 Ra1 76. Rd4+ Ke7
77. Kc7 Rc1+ 78. Kb6 Rb1+ 79. Kc6 Rb2 80. Rd5 1-0

[Event "Chigorin Memorial 07th"]
[Site "St Petersburg"]
[Date "1999.11.03"]
[Round "2"]
[White "Orlov, Andrey"]
[Black "Malakhatko, Vadim"]
[Result "1/2-1/2"]
[WhiteElo "2360"]
[BlackElo "2537"]
[Annotator "Donev,I"]
[PlyCount "78"]
[EventDate "1999.11.02"]
[EventType "swiss"]
[EventRounds "9"]
[EventCountry "RUS"]
[SourceTitle "CBM 074"]
[Source "ChessBase"]
[SourceDate "2000.02.01"]
[SourceVersion "1"]
[SourceVersionDate "2000.02.01"]
[SourceQuality "1"]

1. e4 c5 2. Nc3 Nc6 3. g3 g6 4. Bg2 Bg7 5. d3 d6 6. Be3 e6 7. Qd2 Nge7 8. Bh6
O-O 9. Bxg7 ({Eine interessante Angriffsidee in dieser Variante ist es sofort
der Königsangriff mit h2-h4 zu starten und später die lange Rochade zu machen.
Hier zwei Beispiele von meiner Praxis:} 9. h4 Bxh6 10. Qxh6 Kh8 (10... f6 11.
O-O-O Ne5 12. Qd2 N7c6 13. f4 Nf7 14. g4 Nd4 15. Nh3 Rb8 16. f5 $1 $40 {
Donev,I-Oesterle/Jedesheim 1996 (47)}) 11. Nf3 Ng8 12. Qd2 Nd4 13. h5 Nxf3+ 14.
Bxf3 Qf6 15. Bg2 Bd7 16. O-O-O Ne7 17. f4 Rad8 18. e5 dxe5 19. Ne4 Qf5 20. Bh3
Qxh5 21. Bxe6 Qxh1 22. Rxh1 Bxe6 23. fxe5 {1-0 Donev,I-Bujupi,B/Bern-A.M.B.(op)
1995 (23)}) 9... Kxg7 10. Nge2 {Auf e2 steht der Königsspringer nicht
besonders günstig. Mit seinem nächsten Zug schränkt der Nachziehende den
Springer noch mehr ein.} ({Ich denke dass es besser ist, den Springer nach
geschehenem f2-f4 auf f3 zu entwickeln.} 10. f4 Rb8 11. Nf3 e5 12. O-O f6 13.
Rf2 Be6 14. Raf1 Qd7 15. h4 Nd4 16. h5 gxh5 17. Nh4 Bg4 18. fxe5 fxe5 (18...
dxe5 19. Rxf6 Rxf6 20. Qg5+ Rg6 21. Qxe5+ Kh6 22. Qxb8 $18) 19. Qg5+ Ng6 20.
Nxg6 hxg6 21. Rf6 Rxf6 22. Rxf6 Qe8 23. Rxd6 Rc8 24. Nd5 $16 {1/2-1/2 Donev,
I-Kelecevic,N/Liechtenstein op 1995 (45)}) 10... e5 {Vermeidet d3-d4 und
schränkt der Springer e2 ein.} (10... Bd7 11. d4 cxd4 12. Nxd4 Ne5 13. Nb3 $14)
11. O-O (11. Nd1 Be6 12. Ne3 d5 13. exd5 Nxd5 14. O-O f6 15. Rae1 Qd7 16. f4
Rad8 17. fxe5 Nxe5 18. Nf4 Nxf4 19. Rxf4 $11 {1/2-1/2 Schlingensiepen,C-Ward,C/
Hamburg 1995/EXT 97 (29)}) 11... Be6 12. f4 {[%mdl 16] Mit Zugumstellung haben
wir eine typische Stellung für die Nachbarvariante B25 bekommen. Aber es gibt
einen wichtigen unterschied: Die schwarzfarbigen Läufer sind getauscht. Das
ändert grundsätzlich die Strategien beider Seiten. Schwarz hat schon die
geschwächten schwarzen Felder am Königsflügel mit dem König abgedeckt und
seine Bauern auf schwarz gestellt. So lässt sich der Abtausch des Bg7 am
besten überspielen.} f6 13. h3 Qd7 14. Kh2 Rab8 15. a4 b6 16. Rf2 d5 17. fxe5
Nxe5 18. exd5 Nxd5 19. a5 (19. Raf1 Nxc3 20. Nxc3 Rbe8 $11) 19... Nxc3 20. Nxc3
h5 21. axb6 axb6 22. Rf4 Rf7 23. Qf2 Nc6 24. Rfa4 Nd4 25. Ra8 $6 (25. Ne4 $142)
25... Rxa8 26. Rxa8 g5 27. h4 $2 (27. Ne4 $142) 27... gxh4 28. gxh4 Qd6+ 29.
Kh1 Qe5 30. Re8 (30. Ra6 $142 $5) 30... Ra7 {[%cal Ya7a1]} 31. Ra8 Rxa8 32.
Bxa8 Bg4 33. Bg2 Ne6 34. Kg1 Nd4 (34... f5 35. Kf1 Nf4 {[%cal Yf4g6,Yg6h4,
Ye5f6,Yf6h4] /\Ng6,Qf6}) 35. Kf1 Nf5 $6 {Offensichtlich sieht der Nachziehende
keine bessere Fortsetzung als die Zugwiederholung und ein Remisende.} (35...
Qf5 36. Kg1 Qxf2+ 37. Kxf2 Nxc2 38. Na4 Kf7 (38... Bf5 39. Be4 $11) 39. Nxb6
Ke6 $15) ({Es ist leicht zu bemerken, dass die schwarzen Figuren besser
platziert sind und das ist Begründung für den Nachziehenden Vorteil zu suchen.
Ich denke, dass Schwarz mit folgender Fortsetzung auf Sieg spielen kann:} 35...
f5 $142 $1 36. Nd5 (36. Bb7 b5 $17 {/\b4}) 36... Be2+ 37. Kg1 Nxc2 38. Nxb6 Nd4
$1 $17) 36. Be4 Nd4 37. Bg2 Nf5 (37... f5 $142) 38. Be4 Nd6 39. Bg2 Nf5 1/2-1/2

[Event "Linares 16th"]
[Site "Linares"]
[Date "1999.02.26"]
[Round "5"]
[White "Adams, Michael"]
[Black "Kasparov, Garry"]
[Result "0-1"]
[WhiteElo "2716"]
[BlackElo "2812"]
[Annotator "Donev,I"]
[PlyCount "118"]
[EventDate "1999.02.21"]
[EventType "tourn"]
[EventRounds "14"]
[EventCountry "ESP"]
[EventCategory "20"]
[SourceTitle "CBM 070"]
[Source "ChessBase"]
[SourceDate "1999.06.08"]
[SourceVersion "1"]
[SourceVersionDate "1999.06.08"]
[SourceQuality "1"]

1. e4 {Hecht} c5 2. Nc3 d6 3. g3 Nc6 4. Bg2 g6 5. d3 Bg7 6. Be3 Nf6 7. Nge2 {
Hier stellt sich die Frage, ob der Zug Ng4 eine Drohung ist. Ich denke, dass
der Anziehende diesen Zug ignorieren kann, weil er später mittels h3 das
verlorene Tempo (Bd2) zurück bekommen wird.} O-O (7... Ng4 8. Bd2 Rb8 9. h3 Nf6
10. f4 Bd7 (10... b5 11. e5 $1 $18) 11. O-O b5 12. a3 O-O 13. g4 b4 14. axb4
cxb4 15. Na4 Qc7 16. g5 Nh5 17. Be3 Rfc8 18. f5 Ne5 19. Nd4 Nc6 20. fxg6 hxg6
21. Nf5 Bxf5 22. exf5 Ne5 23. Rf2 Rb5 24. c4 Rbb8 25. fxg6 (25. b3 Nxd3 26.
Qxd3 Bxa1 27. fxg6 $16) 25... fxg6 26. b3 Rf8 27. Nb2 (27. Raa2 $16) 27... Rxf2
28. Bxf2 Nf4 29. Rxa7 Qc8 30. Qf1 Qf5 $2 31. Be3 Nxg2 32. Qxf5 gxf5 33. Kxg2
Kf7 34. Ra2 Rh8 35. d4 Nc6 36. d5 Nd4 37. Bxd4 Bxd4 38. Nd3 Rh5 39. g6+ $1 Kf6
40. Nxb4 Rg5+ 41. Kf3 Rxg6 42. Nc6 Bb6 43. Re2 Rg1 44. Re6+ Kg5 45. h4+ Kxh4
46. Nxe7 Rf1+ 47. Ke2 Rf2+ 48. Kd3 Bc5 49. Nc8 Rf3+ 50. Kc2 Rf2+ 51. Kd1 Rf1+
52. Ke2 Rb1 53. Nxd6 Rb2+ 54. Kd1 Kg4 55. Nb7 Bb4 56. Rb6 f4 57. Rxb4 f3 58.
c5+ Kg3 59. Nd6 {1-0 Donev,I-Jenal,J/SWZ chT - St. Gallen 1999}) 8. h3 e5 9.
O-O b5 $5 $146 {[%mdl 8] Ob dies in Zusammenhang mit 8...e5 der richtige Plan
ist? Auf alle Fälle ist das eine sehr interessante Idee, die dem Nachziehenden
Spiel am Damenflügel gibt.} (9... Nd4 10. Kh2 Be6 11. f4 Qd7 12. Nd5 Bxd5 13.
exd5 Nxe2 14. Qxe2 exf4 15. Bxf4 Nh5 16. c3 Rfe8 17. Qf3 Nxf4 18. gxf4 Re7 19.
Rae1 Rae8 20. Qf2 Kf8 21. Re4 f5 22. Ree1 Bf6 23. a3 Qb5 24. Qd2 Bh4 25. Rxe7
Rxe7 26. Bf3 Qe8 27. b4 b6 28. Kg2 Re3 29. bxc5 bxc5 30. Rb1 Be1 31. Qc2 Qe7
32. c4 Qh4 33. Rxe1 Rxe1 34. Qb2 Kf7 35. Qb7+ Qe7 36. Qb2 Kg8 37. Qb8+ Kg7 38.
Qb2+ Qf6 39. Qb7+ Re7 40. Qb1 h5 41. Qb8 h4 42. Qc8 Qb2+ 43. Kf1 {0-1 Farkas,
G-Zagrebelny,S/HUN-chT2 1993/TD (43)}) 10. Nxb5 Rb8 11. a4 a6 12. Na3 Rxb2 13.
Nc4 Rb8 14. f4 exf4 15. Nxf4 {[%csl Yd5][%cal Yf4d5] Jetzt kontrolliert Weiß
den Zentralpunkt d5 fest.} (15. Bxf4 {[%cal Yc4d6,Yf4d6]} Ne8 16. Rb1 Be6 $11)
15... Na5 16. Nd2 (16. Nxa5 $142 $5 Qxa5 17. Bd2 Qd8 18. Bc3 $14 {nebst Rb1})
16... Bd7 17. Ra2 Bc6 18. Nf3 Ba8 19. c4 {Sehr verantwortliche Entscheidung.
Einerseits erhält er klare Kontrolle über d5, andererseits schwächt er die
Felder d4 und b3.} Nd7 20. Raf2 Nb3 21. h4 Nd4 22. Bh3 Nxf3+ 23. Qxf3 Ne5 24.
Qd1 Qe7 25. h5 Rb4 26. h6 Bh8 (26... Bxh6 27. Nxg6 $1 (27. Nd5 Bxd5 28. Bxh6
Bc6 29. Bxf8 Qxf8 $44) 27... fxg6 (27... hxg6 28. Bxh6 Rfb8 29. Qa1 {/\Rf7} f5
30. exf5 gxf5 31. Rxf5 Nf3+ 32. R5xf3 Bxf3 33. Re1 Qb7 34. Be6+ Kh7 35. Qf6 $18
) 28. Bxh6 Rxf2 29. Rxf2 Rb8 $11 (29... Nf7 30. Bd2 $14)) 27. Ne6 Rfb8 28. Ng5
Rb2 29. Bf4 $6 {Weiß sollte mit folgender Variante die Partie mit Remis
beenden:} (29. Rxf7 $142 $5 Nxf7 30. Be6 Bf6 31. Qg4 $1 Rb1 32. Nxf7 Rxf1+ 33.
Kxf1 Re8 34. Ng5+ Kh8 35. Nf7+ {und remis}) 29... Bf6 30. Nf3 Bc6 31. Nxe5 Bxe5
{Dank seiner besser plazierten Läufer und der Beherschung der b-Linie hat der
Nachziende positionelle Vorteile.} 32. Qf3 f5 {Verschmäht den Bauerngewinn :} (
32... Rxf2 33. Rxf2 Bd4 34. Be3 Bxe3 35. Qxe3 Bxa4 $17) 33. Bxe5 Qxe5 34. g4 $1
{Die einzige Chance.} Rxf2 35. Rxf2 Rb1+ 36. Bf1 (36. Kg2 Rb3 $1 37. gxf5 Rxd3
$3 $19 {nebst Be4}) 36... Rb2 37. Rxb2 Qxb2 {Hecht: '[#] D und (gleichfarbige
Läufer)'} 38. gxf5 Qd4+ 39. Kh1 Bxa4 40. fxg6 hxg6 {Hecht: '[#] Aktiviert
beide weiße Figuren'} 41. e5 $1 {Räumt die Diagonale h1-a8.} Qxe5 42. Qb7 Be8
43. Bg2 Qh5+ (43... a5 44. Bd5+ Kh8 45. Be6 Bc6+ 46. Qxc6 Qxe6 $17 (46... Qxe6
{Hecht} 47. Qc7 Qe5 {[%cal Ra5a4,Ra4a3]} 48. Qxa5 Kh7 $17)) 44. Kg1 Qxh6 45.
Qe7 $2 {Nun kommt der weiße Läufer nicht ins Spiel.} ({Chancen auf Rettung bot:
} 45. Qd5+ Bf7 46. Qxd6 {'=/+' Hecht.} Qe3+ 47. Kh2 Kg7 48. Bd5 $1 Bxd5 49.
cxd5) 45... Qc1+ 46. Bf1 Bf7 47. Qxd6 Qe3+ 48. Kh1 a5 $1 49. Qd8+ Be8 50. Bg2 (
50. Qxa5 Bc6+ {nebst Matt in 3 Zügen.} (50... Bc6+ {Hecht} 51. Bg2 (51. Kh2
Qf4+ 52. Kg1 Qg3+ 53. Bg2 Qxg2#) 51... Qh3+ 52. Kg1 Qxg2#)) 50... Qe1+ 51. Kh2
Qe5+ 52. Kh3 Kg7 53. Bd5 a4 54. Qb6 Bd7+ 55. Kg2 Qe2+ 56. Kg1 a3 57. Qxc5 Qe1+
58. Kg2 a2 59. Qd4+ Kh7 0-1

[Event "SUI-chT"]
[Site "Switzerland"]
[Date "1995.??.??"]
[Round "5"]
[White "Donev, Ivo Hristov"]
[Black "Landenbergue, Claude"]
[Result "1/2-1/2"]
[WhiteElo "2385"]
[BlackElo "2430"]
[Annotator "Donev,I"]
[PlyCount "93"]
[EventDate "1995.??.??"]
[EventType "team-tourn"]
[EventRounds "9"]
[EventCountry "SUI"]
[SourceTitle "CBM 049 Extra"]
[Source "ChessBase"]
[SourceDate "1996.01.01"]
[SourceVersion "1"]
[SourceVersionDate "1996.01.01"]
[SourceQuality "1"]

1. e4 c5 2. Nc3 Nc6 3. g3 g6 4. Bg2 Bg7 5. d3 e6 6. Be3 d6 7. Qd2 Qa5 8. f4
Nge7 9. Nf3 Nd4 10. O-O Bd7 11. a3 (11. Nxd4 $5 cxd4 12. Ne2 Qxd2 (12... Qa4
13. Bf2 Nc6 14. b3 Qb5 15. c3 dxc3 16. Nxc3 $14) (12... Qc5 $1 13. Bf2 O-O (
13... Rc8) 14. c3 Nc6 15. Rab1 Rfc8 $14) (12... Qb6 13. Bf2 (13. Nxd4 Bxd4 14.
Bxd4 Qxd4+ 15. Qf2 Qxf2+ 16. Rxf2 O-O 17. Raf1 Bc6 $19) 13... O-O 14. c3 Nc6
15. Rab1 Rfc8 $14) 13. Bxd2 Rc8 14. c3 dxc3 15. Bxc3 $10) (11. Qf2 $1 Nxf3+ (
11... Nec6 12. e5 $1 $14) 12. Bxf3 Nc6 (12... Bxc3 13. bxc3 Qxc3 14. e5 (14. d4
c4 (14... d5 15. dxc5 $14) (14... b6 $1 15. Rad1 $15) 15. d5 $14)) 13. e5 $1
$14) (11. Rab1 Nec6) 11... Rc8 12. Rae1 Qb6 13. Nd1 O-O 14. Nh4 f5 15. c3 Nb3
16. Qc2 Ba4 $6 (16... Rce8 17. Bf2 {/\Ne3}) 17. Bf2 Bf6 (17... Qa6 18. Ne3 Nd4
19. Qb1) 18. exf5 exf5 19. Ne3 Rce8 20. Nd5 Nxd5 21. Bxd5+ Kg7 22. Ng2 Rxe1 23.
Rxe1 Qb5 24. Bc4 (24. Ne3 Na5 25. Qd2 $14) (24. Qe2 $1 Na5 (24... Qb6 25. Qe6
$14) 25. b4 cxb4 26. c4 Qe8 27. axb4 $16) 24... Na5 25. Bxb5 Bxc2 26. Ne3 Bb3
27. Bc4 Nxc4 28. Nxc4 Rd8 29. Na5 Bc2 30. Nxb7 Rd7 31. Na5 Bxd3 32. Rd1 Bc2 33.
Rd2 Ba4 34. Nc4 Be7 35. b4 Bb5 36. Ne3 Bc6 37. Nd5 Bf8 38. c4 a6 39. Nc3 Rb7
40. Rb2 Be8 41. Nd5 Bc6 42. Be1 Bxd5 43. cxd5 Kf7 44. Bc3 Bg7 45. Bxg7 Kxg7 46.
Rc2 cxb4 47. axb4 1/2-1/2

[Event "EU-Cup 13th final"]
[Site "Kazan"]
[Date "1997.12.30"]
[Round "3"]
[White "Slovineanu, Viacheslav"]
[Black "Anastasian, Ashot"]
[Result "0-1"]
[WhiteElo "2420"]
[BlackElo "2545"]
[Annotator "Donev,I"]
[PlyCount "66"]
[EventDate "1997.12.28"]
[EventType "team-k.o."]
[EventRounds "4"]
[EventCountry "RUS"]
[SourceTitle "EXT 2020"]
[Source "ChessBase"]
[SourceDate "2019.10.17"]
[SourceVersion "1"]
[SourceVersionDate "2019.10.17"]
[SourceQuality "1"]
[WhiteTeam "Chisinau Rezina-Gaz"]
[BlackTeam "Yerevan"]
[WhiteTeamCountry "MDA"]
[BlackTeamCountry "ARM"]

1. e4 c5 2. Nc3 Nc6 3. g3 g6 4. Bg2 e5 5. d3 Bg7 6. Be3 d6 7. f4 Nge7 8. fxe5
Nxe5 9. Nge2 O-O 10. O-O Bg4 11. Qd2 Bxe2 12. Nxe2 b5 (12... Ng4 13. Bf4 Bxb2
14. Rab1 Bg7 15. Rxb7) 13. Bh6 b4 14. Bxg7 Kxg7 {Der schwarze Springer steht
klar besser als der arme L�ufer, der vom Bauer e4 eingeschr�nkt ist.} 15.
a3 bxa3 (15... a5 16. axb4 axb4 17. c3 bxc3 18. bxc3) 16. Rxa3 a5 17. b3 (17.
Rfa1 N7c6) 17... Qb6 18. d4 $6 (18. Kh1 $142) 18... cxd4 19. Qxd4 Qc7 20. Nf4
Rab8 21. h3 Rfc8 22. c4 Rb6 23. Nd5 Nxd5 24. exd5 {Es ist klar, da� diese
Bauernstruktur g�nstig f�r Schwarz ist, weil die Leichtfiguren einen
unterschiedlichen Wert haben. Der Ne5 ist ein Riese im Vergleich mit dem armen
wei�en L�ufer, der von den eigenen Bauern eingeschr�nkt ist. F�r
Wei� w�re ideal, wenn er den Zug c4-c5 vorbereiten k�nnte um den d5
Bauern freizumachen.} Rcb8 25. Rxa5 {/\c5} (25. Qe3 Qb7 26. c5 Rxb3 27. Rxb3
Qxb3 28. Qxb3 Rxb3 $15) 25... Rxb3 26. Ra7 R8b7 27. Rxb7 Rxb7 $17 28. Qf2 Kg8
29. Qf6 Rb8 30. h4 h5 31. Re1 Re8 {/\Nf3} 32. Kh1 Qa5 33. Rc1 Qa1 $4 (33... Qa3
) 0-1

[Event "St Stefan/Belgrade m"]
[Site "Belgrade"]
[Date "1992.??.??"]
[Round "22"]
[White "Spassky, Boris Vasilievich"]
[Black "Fischer, Robert James"]
[Result "1/2-1/2"]
[WhiteElo "2560"]
[BlackElo "2785"]
[Annotator "Ftacnik,L"]
[PlyCount "51"]
[EventDate "1992.09.??"]
[EventType "match"]
[EventRounds "30"]
[EventCountry "YUG"]
[SourceTitle "CBM 031"]
[Source "ChessBase"]
[SourceDate "1992.12.01"]
[SourceVersion "1"]
[SourceVersionDate "1992.12.01"]
[SourceQuality "1"]

1. e4 c5 2. Ne2 Nf6 3. Nbc3 d6 4. g3 Nc6 5. Bg2 g6 6. O-O Bg7 7. d3 O-O 8. h3
Rb8 9. f4 Bd7 10. Be3 (10. g4 $5) 10... b5 11. a3 Ne8 12. d4 (12. Qd2) (12. g4
$5 f5 $13) 12... cxd4 13. Nxd4 b4 $1 14. Nxc6 Bxc6 15. axb4 Rxb4 16. Rxa7 Rxb2
17. e5 Bxg2 18. Kxg2 Nc7 $1 19. exd6 exd6 20. Na4 Ra2 21. Bb6 Qe8 22. Rxc7 (22.
Bxc7 Qe3 23. Bb6 Qe4+ 24. Kg1 Rxa4 $10) 22... Qxa4 23. Qxd6 Rxc2+ 24. Rxc2
Qxc2+ 25. Bf2 Qe4+ 26. Kg1 1/2-1/2